000 00488nam a2200145Ia 4500
003 OSt
005 20260331153600.0
008 211028s2011 xx 000 0 und d
040 _cAIMIT LIBRARY
041 _aeng
100 _aVinod M;Kairanna, Sneha S.
_g916077
_96838
245 _aAn identification and analysis of potential dealers for batteries manufacutured and supplied at Prajwal sales corporation Mangalore /
260 _aMangalore
_bKairanna, Sneha S
_c2011
942 _2ddc
_cPRO
999 _c218408
_d218408